000
00304nam a22001097a 4500
040
_c
SK
082
_a
574
100
_a
សួស ចំណាន
245
_a
Pre-harvest technology; បច្ចេកវិទ្យាមុនប្រមូលផល
260
_a
RUA
_b
សួស
_c
2011
942
_c
KB
999
_c
9407
_d
9407